000 00762nam a2200205 a 4500
008 100322s1997 ||||||||||||||||| || u
020 _a0198292112
050 _aHB 3730 Eco
100 _aGerard-Varet, Louis-Andre
245 1 0 _aEconomics beyond the millenium
_cedited by Alan Kirman; Louis-Andre Gerard-Varet
260 _aNew York:
_bOxford University Press
_c1997
300 _axii, 537p.: ill.
350 _a0.00
650 _aECONOMIC FORECATSING
650 0 _aECONOMICS
650 _aECONOMETRIC MODELS
650 _aTWENTY FIRST CENTURY--FORECASTS
700 _aKirman, Alan
995 _D0.00
_FCBU-MAIN LIBRARY (Kitwe)
_H1
_I0.00
_M1
_UAVAILABLE
_WMay 6, 2010
_ZMain Library Open Access Collection
999 _c40985
_d40985